| 000 | 00406nam a2200157Ia 4500 | ||
|---|---|---|---|
| 005 | 20240807062141.0 | ||
| 008 | 240806s9999||||xx |||||||||||||| ||eng|| | ||
| 041 | _aeng | ||
| 082 |
_a294.59215 _bTRIA |
||
| 100 | _aTripathi Radhavallabh | ||
| 245 | 0 |
_aArthaved ka kavya / _cTripathi Radhavallabh |
|
| 260 | _bVishvavidhalay Prakashan Varanashi | ||
| 300 | _a134 | ||
| 650 | _aGeneral Studies | ||
| 942 | _cBK | ||
| 999 |
_c9984 _d9984 |
||